La estructura de las revoluciones cientificas. (Registro nro. 406)

Detalles MARC
000 -LEADER
fixed length control field 00919 am a2200277 a 4500
005 - FECHA ULTIMA MODIFICACION
control field 20240625093143.0
008 - CAMPO DE CONTROL (LIBRO)
fixed length control field 100623s2004||||ag # f |||| 001 0 spa d
020 ## - INTERNATIONAL STANDARD BOOK NUMBER
ISBN 9505572135
041 ## - CODIGO DE IDIOMA
Código de idioma del texto/pista de sonido o título separado spa
092 ## - SIGNATURA TOPOGRAFICA DEWEY LOCAL
número de clasificación 303.483
libristica 46
sección KUH
100 1# - ENTRADA PRINCIPAL--NOMBRE PERSONAL
Nombre personal Kuhn, Thomas S.
9 (RLIN) 1172
245 #3 - TITULO PROPIAMENTE DICHO
Título La estructura de las revoluciones cientificas.
Subtítulo y Título paralelo Breviarios /
Mención de responsabilidad y remanente de la transcripción de la portada Thomas S. Kuhn.
250 ## - MENCION DE EDICION
Mención de edición 1a ed. 8a reimp. en español
Mención de responsabilidad relacionada con la ed. Traducción Agustín Contín
260 ## - PIE DE IMPRENTA
Lugar de publicación, distribución, etc Buenos Aires:
Nombre de la editorial, distribuidor, etc Fondo de Cultura Económica;
Fecha de publicación 2004.
300 ## - DESCRIPCION FISICA
Extension 319 p.
500 ## - NOTA GENERAL
Nota general Kuhn, T. (2004). La estructura de las revoluciones científicas. Breviarios. (1a ed.). Buenos Aires : Fondo de Cultura Económica.
653 ## - TÉRMINO INDIZADO - PALABRAS CLAVES
Palabra clave Procesos Sociales
653 ## - TÉRMINO INDIZADO - PALABRAS CLAVES
Palabra clave Investigación
653 ## - TÉRMINO INDIZADO - PALABRAS CLAVES
Palabra clave Historia de la ciencia
653 ## - TÉRMINO INDIZADO - PALABRAS CLAVES
Palabra clave Sociología del conocimiento
930 ## - NUMERO DE INVENTARIO
Número de inventario 1618
930 ## - NUMERO DE INVENTARIO
Número de inventario 1619
930 ## - NUMERO DE INVENTARIO
Número de inventario 1620
930 ## - NUMERO DE INVENTARIO
Número de inventario 1621
942 ## - ADDED ENTRY ELEMENTS (KOHA)
Source of classification or shelving scheme Dewey Decimal Classification
Item type Libros
Existencias
Estado de retiro Existencia Fuente de clasificación Estado general No para prestamo Colección Ubicación permanente ubicación actual Sala de ubicación Fecha de adquisición Total Checkouts Número de clasificación Código de barras Date last seen Date last borrowed Número de ejemplar Price effective from Koha tipo de elemento (item) Public note
    Dewey Decimal Classification     Reference Biblioteca Medicina Biblioteca Medicina Referencia 13/05/2011 2 303.483 46 KUH 1618 06/11/2014 12/04/2013 ej.1 13/05/2011 Reference LIBRO DE CONSULTA
            Biblioteca Medicina Biblioteca Medicina Circulación 13/05/2011 9 303.483 46 KUH 1619 16/12/2024 11/12/2024 ej.2 13/05/2011 Libros  
            Biblioteca Medicina Biblioteca Medicina Circulación 13/05/2011 6 303.483 46 KUH 1620 20/03/2015 18/03/2015 ej.3 13/05/2011 Libros  
            Biblioteca Medicina Biblioteca Medicina Circulación 13/05/2011 10 303.483 46 KUH 1621 06/11/2014 27/03/2014 ej.4 13/05/2011 Libros  

UNIVERSIDAD NACIONAL DEL COMAHUE
Biblioteca de la Facultad de Ciencias Médicas
Sede Toschi: Los Arrayanes y Av. Toschi, Cipolletti  - Rio Negro
Sede Los Tordos:  Yrigoyen al 2211, Cipolletti - Rio Negro 

Teléfono: 0299 - 4774707 int 25
Contacto: biblioteca@facimed.uncoma.edu.ar
© 2011 - 2026